000
00456nam a2200181Ia 4500
008
100920s9999 xx 000 0 und d
082
_b
77214
_a
--- 0
100
_a
काळे वैजयंती.
245
_a
भुरळ.
260
_b
---
_c
0
300
_a
220
_b
साधी
365
_b
70
520
_a
कादंबरी.
630
_a
भुरळ.
650
_a
कादंबरी.
730
_a
भुरळ.
942
_c
BOOK
999
_c
718519
_d
718516